000 00305nam a2200133Ia 4500
008 231129s1965||||xx |||||||||||||| ||spa||
040 _bspa
082 _aM863 A973
100 _aAyala Anguiano Armando
245 0 _aUnos cuantos dias
260 _c1965
264 _aJoaquin Mortiz
942 _2ddc
_cBKS
999 _c26059
_d26059